| 000 | 01419cam a2200313 a 4500 | ||
|---|---|---|---|
| 999 |
_c233753 _d233753 |
||
| 001 | 14972275 | ||
| 003 | Nust | ||
| 005 | 20170311120356.0 | ||
| 008 | 070820s2008 nyu d 000 1 eng | ||
| 010 | _a 2007031141 | ||
| 020 | _a9781595141750 (pbk.) | ||
| 040 |
_aDLC _cDLC _dDLC |
||
| 042 | _alcac | ||
| 050 | 0 | 0 |
_aPZ7.M478897 _bFro 2008 |
| 082 | 0 | 0 |
_a823 _bMEA |
| 100 | 1 | _aMead, Richelle. | |
| 245 | 1 | 0 |
_aFrostbite : _ba [Vampire Academy novel] / _cRichelle Mead. |
| 260 |
_aNew York : _bRazorbill, _c2008. |
||
| 300 |
_a327 p. ; _c21 cm. |
||
| 520 | _aWhile on a school skiing trip, guardian-in-training Rose faces everything from misunderstandings between friends to fights among factions of Moroi as reports of horrific Strigoi attacks raise tensions, ultimately leading Rose and some of those closest to her into a battle that teaches her much about life, death, and love. | ||
| 650 | 1 |
_aVampires _vFiction. |
|
| 650 | 1 |
_aSkis and skiing _vFiction. |
|
| 650 | 1 |
_aInterpersonal relations _vFiction. |
|
| 650 | 1 |
_aHigh schools _vFiction. |
|
| 650 | 1 |
_aSchools _vFiction. |
|
| 650 | 1 |
_aMagic _vFiction. |
|
| 650 | 1 |
_aSocial classes _vFiction. |
|
| 906 |
_a7 _bcbc _corignew _d1 _eecip _f20 _gy-gencatlg |
||
| 942 |
_2ddc _cBK |
||